Statystyki dla Skład mistrzów świata z 2018 roku.

Kliknij tutaj aby rozwiązać quiz!

Ogólne statystyki

  • Ten quiz został rozwiązany 93 razy
  • Średni wynik to 9 z 11

Statystyki odpowiedzi

#Zawodnikpozycja% Poprawnych
10Kylian MbappePP
97%
1Hugo LlorisBR
96%
9Oliver GiroudN
90%
6Paul PogbaŚPD
84%
7Antoine GriezmannŚPO
83%
4Raphael VaraneŚO
82%
2Benjamin PavardPO
81%
13N'Golo KanteŚPD
81%
21Lucas HernandezLO
79%
5Samuel UmtitiŚO
66%
14Blaise MatuidiLP
51%

Rozkład punktacji

Percentyl według liczby udzielonych odpowiedzi

Procent ludzi z każdym wynikiem

Twoja historia wyników

Nie rozwiązałeś tego quizu